[Event "Challenge"]
[Site "http://www.queenalice.com/game.php?id=518536"]
[Date "2009.1.7"]
[Round "-"]
[White "chapichapo"]
[Black "Lucifer"]
[Result "1-0"]
[WhiteElo "1897"]
[BlackElo "1097"]

1. e4 e5 2. Nf3 d6 3. Bc4 h6 4. d4 Qf6 5. Nc3 c6 6. d5 c5 7. Nb5 Qe7 8. c3 b6 9.
g3 Qb7 10. Nh4 g6 11. g4 a6 12. Na3 b5 13. Bf1 Be7 14. Ng2 Nf6 15. f3 Bd7 16. h4
h5 17. g5 1-0

[Event "Poirot X Lucifer"]
[Site "http://www.queenalice.com/game.php?id=518833"]
[Date "2009.1.7"]
[Round "-"]
[White "Poirot"]
[Black "Lucifer"]
[Result "1-0"]
[WhiteElo "1723"]
[BlackElo "1091"]

1. e4 e5 2. Nf3 d6 3. d4 Nd7 4. Bc4 h6 5. dxe5 dxe5 6. Nc3 c6 7. O-O Qf6 8. a3
g5 9. h3 Nb6 10. Be2 g4 11. hxg4 Bxg4 12. Qd3 h5 13. b4 h4 14. Bg5 Qd6 15. Nxh4
Qxd3 16. Bxd3 f6 17. Ng6 Rh5 18. Nxf8 Rxg5 19. f3 1-0

[Event "Lucifer X Poirot"]
[Site "http://www.queenalice.com/game.php?id=518834"]
[Date "2009.1.7"]
[Round "-"]
[White "Lucifer"]
[Black "Poirot"]
[Result "0-1"]
[WhiteElo "1093"]
[BlackElo "1816"]

1. d4 Nf6 2. Nc3 d5 3. e3 e6 4. a3 c5 5. dxc5 Bxc5 6. b4 Be7 7. Nb1 a6 8. Qf3 b5
9. Qg3 O-O 10. Bb2 Bd6 11. Qf3 Nbd7 0-1

[Event "Challenge"]
[Site "http://www.queenalice.com/game.php?id=520648"]
[Date "2009.1.11"]
[Round "-"]
[White "Lucifer"]
[Black "Gambitshark"]
[Result "0-1"]
[WhiteElo "1101"]
[BlackElo "2757"]

1. e4 c5 2. d3 g6 3. h3 Bg7 4. Be3 Nc6 5. a3 Bxb2 6. Ra2 Bg7 7. Qd2 d6 8. Nf3
Be6 9. c4 Nf6 10. Bh6 Qb6 11. Bxg7 Qxb1+ 12. Ke2 Nxe4 13. dxe4 Qxe4+ 14. Kd1
Qb1+ 15. Qc1 Qxa2 16. Bxh8 f6 0-1

[Event "AUTO-BEG-501"]
[Site "http://www.queenalice.com/game.php?id=972852"]
[Date "2011.8.15"]
[Round "1"]
[White "ricardo100"]
[Black "Lucifer"]
[Result "1-0"]
[WhiteElo "1555"]
[BlackElo "1146"]

1. e4 e5 2. Nf3 d6 3. Nc3 h6 4. h3 c6 5. d4 exd4 6. Qxd4 Nf6 7. Bd3 Be6 8. Be3
a5 9. O-O Nbd7 10. Bd2 Rb8 11. Na4 b5 12. Nc3 c5 13. Qe3 c4 14. Be2 Nc5 15. Nd4
Bd7 16. a3 1-0

[Event "AUTO-BEG-501"]
[Site "http://www.queenalice.com/game.php?id=972853"]
[Date "2011.8.15"]
[Round "1"]
[White "Lucifer"]
[Black "ricardo100"]
[Result "0-1"]
[WhiteElo "1124"]
[BlackElo "1453"]

1. e4 e5 2. d3 Nc6 3. a3 Nf6 4. h3 d5 5. exd5 Nxd5 6. Bd2 Be7 7. c3 h6 8. b3 O-O
9. Qf3 Be6 10. Be2 f5 11. Qg3 f4 12. Qh2 Na5 13. Bd1 Bh4 14. c4 Ne3 15. Bxe3
fxe3 16. Ke2 Rxf2+ 17. Kxe3 Qd4# 0-1

[Event "AUTO-BEG-501"]
[Site "http://www.queenalice.com/game.php?id=972872"]
[Date "2011.8.15"]
[Round "1"]
[White "Lucifer"]
[Black "thiagonsmelo"]
[Result "0-1"]
[WhiteElo "1134"]
[BlackElo "1314"]

1. e4 e5 2. d3 c6 3. a3 a6 4. h3 g6 5. d4 d6 6. Be3 Nf6 7. Qf3 Qa5+ 8. c3 Be6 9.
Qxf6 Rg8 10. Qf3 Nd7 11. Qd1 h5 12. b4 Qd8 0-1

[Event "AUTO-BEG-501"]
[Site "http://www.queenalice.com/game.php?id=972873"]
[Date "2011.8.15"]
[Round "1"]
[White "thiagonsmelo"]
[Black "Lucifer"]
[Result "1-0"]
[WhiteElo "1304"]
[BlackElo "1144"]

1. d4 d5 2. Na3 a6 3. c4 e6 4. e3 b6 5. Qa4+ Bd7 6. Qb3 Nf6 7. Nf3 dxc4 8. Nxc4
Nc6 9. Bd3 Nd5 10. Bd2 b5 11. Nce5 Nxe5 12. Nxe5 1-0

[Event "Challenge"]
[Site "http://www.queenalice.com/game.php?id=972875"]
[Date "2011.8.15"]
[Round "-"]
[White "Lucifer"]
[Black "jld"]
[Result "0-1"]
[WhiteElo "1079"]
[BlackElo "1547"]

1. e4 c5 2. d3 Nf6 3. h3 d5 4. exd5 Nxd5 5. Bd2 e5 6. Nc3 g6 7. Nxd5 Qxd5 8. Be3
Bg7 9. Be2 O-O 10. Bf3 Qd6 11. Be4 f5 12. Bf3 Nc6 13. c3 b6 14. c4 Nd4 15. Bxa8
f4 16. Bxd4 exd4 17. Bf3 Re8+ 18. Ne2 Qb8 19. b3 g5 20. Kd2 a6 21. Bd5+ Be6 22.
Bxe6+ Rxe6 23. Re1 Qf8 24. Ng1 Rf6 25. Nf3 Bh6 26. Re5 Rg6 27. Qe2 Qf7 28. Re8+
Bf8 0-1

[Event "AUTO-OPEN-2446"]
[Site "http://www.queenalice.com/game.php?id=973148"]
[Date "2011.8.16"]
[Round "1"]
[White "rafinhachess00"]
[Black "Lucifer"]
[Result "0-1"]
[WhiteElo "982"]
[BlackElo "1090"]

1. c4 e5 2. e4 Bc5 3. d3 Qf6 4. Nf3 h6 5. Be2 Be7 6. Nc3 c6 7. Be3 d6 8. O-O Qg6
9. Ne1 h5 10. f4 Bh3 0-1

[Event "AUTO-BEG-502"]
[Site "http://www.queenalice.com/game.php?id=977169"]
[Date "2011.8.26"]
[Round "1"]
[White "FabRennes"]
[Black "Lucifer"]
[Result "1-0"]
[WhiteElo "1242"]
[BlackElo "1091"]

1. e4 e5 2. Nf3 Qf6 3. Bc4 h6 4. Nc3 c6 5. d3 Bc5 6. Be3 Bxe3 7. fxe3 d6 8. Nb5
cxb5 9. Bxb5+ Bd7 10. c4 Bxb5 11. cxb5 Nd7 12. d4 Qg6 13. Qa4 1-0